000 00537cam a22002171 4500
001 sa 65003778
003 DLC
005 20260227112125.0
008 890630s1964 ii ac 000 0 gujo
010 _asa 65003778
035 _a(OCoLC)19954282
040 _aDLC
_cWaU
_dDLC
042 _apremarc
050 0 0 _aDS481.N35
_bM37
100 1 _aMehta, Rasik.
245 1 0 _aĀpaṇā Javāhara.
260 _c[1964]
300 _a176 p.
_billus., ports.
_c18 cm.
500 _aIn Gujarati.
600 1 0 _aNehru, Jawaharlal,
_d1889-1964.
999 _c63355
_d63355